La Cuenca del Caribe en los planes de Washington /
Saved in:
| Main Author: | |
|---|---|
| Other Authors: | |
| Format: | Text |
| Tags: |
Add Tag
No Tags, Be the first to tag this record!
|
MARC
| LEADER | 00000 a a2200000 04500 | ||
|---|---|---|---|
| 001 | 11597 | ||
| 003 | |||
| 040 | |||
| 100 | |a Krestiáninov, V. | ||
| 245 | |a La Cuenca del Caribe en los planes de Washington / |c V. Krestiáninov ; S. Svistunov | ||
| 700 | |a Svistunov, S. | ||
| 773 | |g número 42; página 16 | ||
| 999 | |c 32678 |d 32678 | ||
